The Papers And Writings Of Abraham Lincoln, Complete (Record no. 232582)
[ view plain ]
| 000 -LEADER | |
|---|---|
| fixed length control field | 01670cam a22003973a 4500 |
| 001 - CONTROL NUMBER | |
| control field | 3253 |
| 003 - CONTROL NUMBER IDENTIFIER | |
| control field | PGUSA |
| 005 - DATE AND TIME OF LATEST TRANSACTION | |
| control field | 20140828083029.0 |
| 008 - FIXED-LENGTH DATA ELEMENTS--GENERAL INFORMATION | |
| fixed length control field | 041001s2004||||xxu|||||s|||||000 | eng d |
| 040 ## - CATALOGING SOURCE | |
| Original cataloging agency | PGUSA |
| Language of cataloging | eng |
| 042 ## - AUTHENTICATION CODE | |
| Authentication code | dc |
| 050 #4 - LIBRARY OF CONGRESS CALL NUMBER | |
| Classification number | E456 |
| 100 1# - MAIN ENTRY--PERSONAL NAME | |
| Personal name | Lincoln, Abraham, |
| Dates associated with a name | 1809-1865 |
| 245 14 - TITLE STATEMENT | |
| Title | The Papers And Writings Of Abraham Lincoln, Complete |
| Medium | [electronic resource] / |
| Statement of responsibility, etc | Abraham Lincoln |
| 260 ## - PUBLICATION, DISTRIBUTION, ETC. (IMPRINT) | |
| Name of publisher, distributor, etc | Project Gutenberg, |
| Date of publication, distribution, etc | 2004 |
| 505 0# - FORMATTED CONTENTS NOTE | |
| Formatted contents note | Introduction by Theodore Roosevelt -- Editor's Preface by Arthur Brooks Lapsley -- Abraham Lincoln. An Essay by Carl Shurz -- Abraham Lincoln. Memorial Address by Joseph H. Choate -- The writings of Abraham Lincoln. |
| 506 ## - RESTRICTIONS ON ACCESS NOTE | |
| Terms governing access | Public domain in the USA. |
| 516 ## - TYPE OF COMPUTER FILE OR DATA NOTE | |
| Type of computer file or data note | Electronic text |
| 653 ## - INDEX TERM--UNCONTROLLED | |
| Uncontrolled term | United States -- Politics and government -- 1841-1845 |
| 653 ## - INDEX TERM--UNCONTROLLED | |
| Uncontrolled term | United States -- Politics and government -- 1829-1837 |
| 653 ## - INDEX TERM--UNCONTROLLED | |
| Uncontrolled term | Illinois -- Politics and government -- To 1865 |
| 653 ## - INDEX TERM--UNCONTROLLED | |
| Uncontrolled term | United States -- Politics and government -- 1861-1865 |
| 653 ## - INDEX TERM--UNCONTROLLED | |
| Uncontrolled term | United States -- Politics and government -- 1845-1861 |
| 653 ## - INDEX TERM--UNCONTROLLED | |
| Uncontrolled term | Lincoln-Douglas Debates, Ill., 1858 |
| 653 ## - INDEX TERM--UNCONTROLLED | |
| Uncontrolled term | Lincoln, Abraham, 1809-1865 -- Correspondence |
| 653 ## - INDEX TERM--UNCONTROLLED | |
| Uncontrolled term | United States -- History -- Civil War, 1861-1865 |
| 653 ## - INDEX TERM--UNCONTROLLED | |
| Uncontrolled term | United States -- Politics and government -- 1837-1841 |
| 653 ## - INDEX TERM--UNCONTROLLED | |
| Uncontrolled term | Lincoln, Abraham, 1809-1865 |
| 700 1# - ADDED ENTRY--PERSONAL NAME | |
| Personal name | Choate, Joseph Hodges, |
| Dates associated with a name | 1832-1917 |
| 700 1# - ADDED ENTRY--PERSONAL NAME | |
| Personal name | Lapsley, Arthur Brooks |
| 700 1# - ADDED ENTRY--PERSONAL NAME | |
| Personal name | Roosevelt, Theodore, |
| Dates associated with a name | 1858-1919 |
| 700 1# - ADDED ENTRY--PERSONAL NAME | |
| Personal name | Schurz, Carl, |
| Dates associated with a name | 1829-1906 |
| 830 #0 - SERIES ADDED ENTRY--UNIFORM TITLE | |
| Uniform title | Project Gutenberg |
| Volume number/sequential designation | 3253 |
| 856 40 - ELECTRONIC LOCATION AND ACCESS | |
| Uniform Resource Identifier | <a href="http://www.gutenberg.org/ebooks/3253">http://www.gutenberg.org/ebooks/3253</a> |
| 942 ## - ADDED ENTRY ELEMENTS (KOHA) | |
| Koha item type | eBooks |
| Withdrawn status | Lost status | Damaged status | Home library | Current library | Date acquired | Total Checkouts | Date last seen | Price effective from | Koha item type |
|---|---|---|---|---|---|---|---|---|---|
| Project Gutenberg | Project Gutenberg | 08/28/2014 | 08/28/2014 | 08/28/2014 | eBooks |